Sport: Alle Fußball-Bundestrainer - Sudden Death - Statistiken

Allgemein
  • Dieses Quiz wurde 1.963 mal gespielt
  • Das Durchschnittsergebnis liegt bei 7 aus 18
Answers on the Grid
Answers color-coded by a green-red scale on the quiz's grid according to % correct below.
Andreas Brehme
Jürgen Sundermann
Sepp Herberger
Helmut Schön
Jupp Derwall
Franz Beckenbauer
Berti Vogts
Erich Ribbeck
Rudi Völler
Jürgen Klinsmann
Joachim Löw
Hansi Flick
Julian Nagelsmann
Gero Bisanz
Tina Theune-Meyer
Steffi Jones
Horst Hrubesch
Martina Voss-Tecklenburg
Christian Wück
Silvia Neid
Udo Lattek
Hennes Weisweiler
Anja Mittag
Birgit Prinz
Nadine Angerer
Renate Lingor
Lothar Matthäus
Jupp Heynckes
Otto Rehhagel
Ottmar Hitzfeld
Sandro Wagner
Andy Köpke
Horst Köppel
Günter Netzer
Dettmar Kramer
Sebastian Hoeneß
Oliver Bierhoff
Giovanni Trapattoni
Felix Magath
Karlheinz Feldkamp
Jürgen Klopp
Christoph Daum
Werner Lorant
Wolfgang Overath
Uli Stielike
 
Antwortstatistiken
Antwort % Korrekt
2006 - 2021 Joachim Löw
62%
2021 - 2023 Hansi Flick
61%
seit 2023 Julian Nagelsmann
57%
1984 - 1990 (Teamchef) Franz Beckenbauer
53%
2004 - 2006 Jürgen Klinsmann
52%
2000 - 2004, 2023 (Teamchef) Rudi Völler
51%
1990 - 1998 Berti Vogts
40%
2019 - 2023 (F) Martina Voss-Tecklenburg
36%
(1936-1942) 1950 - 1964 Sepp Herberger
34%
1964 - 1978 Helmut Schön
32%
1998 - 2000 (Teamchef) Erich Ribbeck
30%
2005 - 2016 (F) Silvia Neid
30%
2018, 2023 - 2024 (F) Horst Hrubesch
29%
seit 2024 (F) Christian Wück
24%
2016 - 2018 (F) Steffi Jones
23%
1978 - 1984 Jupp Derwall
22%
1996 - 2005 (F) Tina Theune-Meyer
14%
1982 - 1996 (F) Gero Bisanz
7%
Keine übereinstimmenden Quizze gefunden
Verteilung der Resultate
Anzahl Personen mit jedem Resultat
Perzentil nach korrekt beantworteten Fragen
Ihre Resultats-Entwicklung
Sie haben dieses Quiz noch nicht gespielt